|
|
|
|
| LEADER |
00000nam a2200000Ia 4500 |
| 008 |
180928b2004 cr ||||| |||| 00| 0 spa d |
| 999 |
|
|
|c 2524
|d 2524
|
| 090 |
|
|
|a CD #94
|
| 100 |
|
|
|a Dobles Trejos, Cecilia
|9 4366
|
| 245 |
1 |
4 |
|a Conociendo las realidades de los equipos regionales itinerantes en las veinte regiones educativas del país /
|c Cecilia Dobles Trejos
|
| 260 |
|
|
|a San José, Costa Rica :
|b CENAREC,
|c 2004
|
| 300 |
|
|
|a disco compacto;
|b archivo pdf
|
| 500 |
|
|
|a Resultados de investigación\Documento en formato pdf \ Contiene presentación en formato ppt
|
| 650 |
1 |
4 |
|a NECESIDADES ESPECIALES
|9 1989
|
| 650 |
1 |
4 |
|a EDUCACIÓN
|9 1
|
| 651 |
|
4 |
|a COSTA RICA
|9 47
|
| 942 |
|
|
|i 002080
|h CD #94
|2 z
|c 08
|